000 00928nam a2200289 a 4500
005 20200104041513.0
008 140221b1998 ck ||||| |||| 00| 0 spa d
040 _aCO-BoIAVH
_cCO-BoIAVH
041 _aspa
044 _ack
090 _aLB
_b00607
110 _bColombia. Ministerio del Medio Ambiente
_942728
245 _aEvaluación del impacto ambiental de las plantaciones forestales industriales
_bcomponente suelo y agua
260 _aBogotá
_bEl Ministerio
_bCONIF
_c1998
300 _a76 p.
650 _aImpacto ambiental
_942729
650 _aPlantaciones forestales
_992198
650 _aAgua
_9161
650 _aProductividad biológica
_98474
650 _aCiclo del agua
_93677
650 _aNutrientes
_93504
650 _aErosión
_942732
650 _aBalance hídrico
_96287
662 _aColombia
710 _a^aCorporación Nacional de Investigación y Fomento Forestal
_98475
942 _cINFORME
_2z
999 _c624
_d624